[Event "Bhopal GM Open 2019"]
[Site "Bhopal"]
[Date "2019.12.25"]
[Round "7.5"]
[White "Taher, Yoseph Theolifus"]
[Black "Pranav Vijay"]
[Result "1-0"]
[WhiteElo "2469"]
[BlackElo "2265"]
[Annotator "TA"]
[PlyCount "147"]
[EventDate "2019.12.21"]
[EventType "swiss"]
[EventCountry "IND"]
[SourceTitle "playchess.com"]
[Source "ChessBase"]
[SourceQuality "1"]

{[%evp 10,146,48,21,28,18,27,21,56,50,48,39,84,54,96,117,147,147,144,58,64,58,78,79,96,97,89,91,72,89,102,79,99,68,83,61,80,80,80,31,67,25,65,80,58,36,39,57,68,42,27,35,63,51,53,15,37,16,20,0,0,0,27,22,34,23,22,30,35,24,32,0,8,0,14,0,0,0,0,0,0,0,0,0,0,0,0,0,0,-8,-8,-8,0,0,0,0,0,0,8,8,8,8,8,8,8,8,43,35,36,28,29,59,59,0,0,0,64,71,29969,29970,29973,29974,29973,29976,29973,29977,29977,29978,29978,29977,29977,29978,29978,29979,29980,29981,29998,29999,29999]} 1. c4 e5 2. Nc3 Nc6 3. g3 f5 4. Bg2 Nf6 5. e3 d5 6. Nxd5 Nxd5 {A25: English Opening vs King's Indian with ...Nc6 but without early d3} 7. cxd5 ({Of course not} 7. Bxd5 Nb4 $15) 7... Nb4 8. d3 Nxd5 {The position is equal.} 9. Nf3 Bd6 (9... Bb4+ 10. Bd2 Bxd2+ 11. Qxd2 Qd6 12. O-O O-O 13. e4 Ne7 14. d4 fxe4 15. Nxe5 {1-0 (50) Kramnik,V (2799)-Bartel,M (2674) Dortmund 2012}) 10. O-O c6 11. e4 fxe4 {[#]} 12. Nxe5 $1 {[%mdl 512]} Nf6 {[#]} (12... Bxe5 13. Qh5+) 13. Nc4 $1 Bc5 14. Bxe4 ({White should play} 14. dxe4 $16 Be6 15. Qe2) 14... O-O $146 ({Predecessor:} 14... Nxe4) 15. Be3 Bd4 16. Bg2 Be6 17. Qc2 Bxe3 18. fxe3 Qe7 19. Rae1 Rad8 20. b3 c5 21. Nd2 b6 22. Ne4 (22. d4 {is interesting.} cxd4 23. exd4 Qd7 24. Rf4 Bd5 25. Nf3) 22... Nd5 23. Rxf8+ Rxf8 24. Qe2 Rd8 25. Nf2 Nb4 26. d4 Bf7 27. dxc5 Qxc5 28. Be4 a5 29. Rd1 (29. a3 $5 {[%cal Ra3b4]} Nc6 30. Rd1 $16) 29... Rxd1+ 30. Qxd1 {Black must now prevent Qd8+.} Nd5 31. Qd3 h6 32. h3 (32. Nd1 {feels hotter.} Nf6 33. Bf3 Qa3 34. Qd8+ Kh7 35. Qd2) 32... Be6 33. Bxd5 (33. Nd1 {feels hotter.} Nf6 34. Bg2 h5 35. Nc3 Qe5 36. e4) 33... Bxd5 34. e4 Be6 35. Kg2 Kf7 (35... a4 $5) 36. Nd1 b5 37. Nc3 b4 38. Nd5 Qc1 39. Qe2 Kg8 40. Nf4 Bf7 41. e5 g5 42. e6 Be8 43. Nd3 Bc6+ 44. Kf2 Qh1 45. Qg4 Qg2+ 46. Ke3 Qg1+ 47. Ke2 Qg2+ 48. Nf2 {aiming for Qf5.} Qd5 49. h4 Qe5+ 50. Kf1 Bd5 51. hxg5 hxg5 52. e7 Qxe7 53. Qf5 Bf7 (53... Bb7 {seems wilder.} 54. Ng4 Ba6+ 55. Kg1 Qe1+ 56. Kh2 Qe2+) 54. Qxa5 Qf6 55. Kg2 Qc6+ 56. Kh2 Qf6 57. Qc5 {Threatening Ne4.} Bg6 58. Ng4 Qb2+ {[%mdl 64] Double Attack} 59. Kh3 {Strongly threatening Qd5+.} Qh8+ 60. Kg2 Qb2+ $1 61. Kh3 {Hoping for Qd5+.} Qh8+ 62. Kg2 {Threatens to win with Qd5+.} Qb2+ $1 63. Kf3 $1 Qxa2 $2 {[%mdl 8192]} (63... Qd2 $16) 64. Qd5+ {White mates.} Bf7 65. Nh6+ Kg7 66. Nxf7 Qh2 67. Kg4 Qe2+ 68. Kxg5 Qe3+ 69. Kg4 Qe2+ 70. Qf3 Qe6+ 71. Kh4 Qe7+ 72. Ng5 Qe5 73. Qf7+ Kh6 74. Qh7# {Accuracy: White = 59%, Black = 64%.} 1-0

[Event "Bhopal GM Open 2019"]
[Site "Bhopal"]
[Date "2019.12.25"]
[Round "7.6"]
[White "Sahoo, Utkal Ranjan"]
[Black "Lugovskoy, Maxim"]
[Result "1/2-1/2"]
[WhiteElo "2329"]
[BlackElo "2466"]
[Annotator "TA"]
[PlyCount "127"]
[EventDate "2019.12.21"]
[EventType "swiss"]
[EventCountry "IND"]
[SourceTitle "playchess.com"]
[Source "ChessBase"]
[SourceQuality "1"]

{[%evp 18,127,13,11,29,18,40,18,20,14,42,43,29,18,27,8,29,29,62,58,56,25,8,23,43,8,27,0,10,0,0,0,25,2,42,12,13,0,0,-9,33,29,22,0,0,0,0,0,6,0,0,-10,70,17,33,29,28,12,112,53,69,0,60,15,117,64,164,85,96,106,104,93,110,126,121,-5,-8,-8,-8,-8,0,-33,-23,-46,-46,-47,0,0,0,0,0,0,0,0,0,0,0,0,0,0,0,0,0,0,0,0,0,0,0,0,0,0]} 1. d4 d5 2. c4 e6 3. Nc3 Nf6 4. cxd5 exd5 5. Bg5 Be7 6. e3 Nbd7 7. Bd3 O-O 8. Qc2 Re8 9. Nge2 Nf8 10. O-O a6 {D35: Queen's Gambit Declined: Exchange Variation} (10... c6 11. a3 Bd6 12. f3 Bb8 13. Rad1 h6 14. Bxf6 Qxf6 15. e4 a6 16. e5 Qe7 17. Kh1 f6 18. f4 Ba7 19. Qd2 {½-½ (53) Bescos Anzano,M (2563)-Iotov,V (2543) ICCF email 2014}) 11. f3 Be6 12. Kh1 $146 ({Predecessor:} 12. Rad1 Rc8 13. Kh1 N6d7 14. Bf4 c5 15. Bf5 b5 16. dxc5 Rxc5 17. Qd3 Nb6 18. Nd4 {½-½ (77) Suleymanli,A (2351)-Chyzy,J (2060) Mamaia 2017}) 12... Rc8 13. Rae1 Kh8 14. a3 b5 15. Qc1 c5 16. dxc5 Rxc5 17. Nd4 N6d7 18. Bxe7 Qxe7 19. f4 Nf6 20. Qd2 Rcc8 21. Nf3 Red8 22. Nd4 Bd7 23. Qf2 Re8 24. h3 Rb8 25. Re2 Qd8 26. Qf3 Ne6 27. Nxe6 fxe6 28. Rd2 e5 29. fxe5 Rxe5 30. Bb1 Qg8 31. e4 dxe4 $1 32. Nxe4 Rf8 33. Nd6 Be6 34. Qc3 Ng4 (34... Nd5 $11 35. Qc1 Rxf1+ 36. Qxf1 Qd8) 35. Rdd1 (35. Rfd1 $14 Rh5 36. Re1) 35... Rh5 36. Kg1 $36 {[%mdl 2048] White is more active.} Nf6 $1 37. Qg3 Ba2 (37... Rd5 $11) 38. Bf5 ({Better is} 38. Bxa2 $16 Qxa2 39. Qe1) 38... Be6 39. Bb1 (39. Rc1 $14) 39... Bb3 (39... Ba2 $11) 40. Rd4 Ba2 (40... Rd5 $11 {remains equal.} 41. Qc3 Rxd4 42. Qxd4 Qd5 43. Qxd5 Bxd5) 41. Bf5 (41. Bxa2 $16 Qxa2 42. Qe3) 41... Qb3 {[#]} ({Black should play} 41... Ne8 $14 42. Be4 Rxf1+ 43. Kxf1 Qf8+ 44. Kg1 Bg8) 42. Qxb3 (42. Rd3 $1 $18 {[%cal Rd3b3]} Qg8 43. b3) 42... Bxb3 $16 43. Rf3 Bd5 44. Rfd3 {g4 is the strong threat.} g6 45. g4 Rh4 46. g5 (46. Bc8 $16) 46... Rxd4 $11 47. Rxd4 gxf5 48. gxf6 {[%mdl 4096] Endgame KRB-KRN} Be6 49. f7 Kg7 50. Kf2 Kf6 51. Nb7 Rc8 52. Rd6 {[#] aiming for Nc5!The position is equal.} Rc2+ 53. Kg3 Kxf7 54. Nd8+ Ke7 55. Rxe6+ Kxd8 56. Rxa6 Rxb2 {KR-KR} 57. Kf4 Rf2+ 58. Ke5 f4 59. Ra7 h6 60. Rb7 f3 61. Kf4 Ra2 {( -> ...f2)} 62. Rxb5 f2 63. Rb1 Rxa3 64. Rf1 {Accuracy: White = 42%, Black = 34%.} 1/2-1/2

[Event "Bhopal GM Open 2019"]
[Site "Bhopal"]
[Date "2019.12.25"]
[Round "7.7"]
[White "Tiwari Shivansh"]
[Black "Nguyen, Van Huy"]
[Result "*"]
[WhiteElo "1770"]
[BlackElo "2457"]
[Annotator "TA"]
[PlyCount "21"]
[EventDate "2019.12.21"]
[EventType "swiss"]
[EventCountry "IND"]
[SourceTitle "playchess.com"]
[Source "ChessBase"]
[SourceQuality "1"]

{[%evp 8,8,35]} 1. d4 Nf6 2. Bf4 g6 3. Nc3 d5 4. e3 c6 {Predecessor:} 5. Be2 $146 Qb6 6. Rb1 Bg7 7. Nf3 O-O 8. O-O Bg4 9. h3 Bxf3 10. Bxf3 Nbd7 11. b4 {1-0 (32) Vitiugov,N (2726)-Bologan,V (2640) Tallinn 2016} *

[Event "Bhopal GM Open 2019"]
[Site "Bhopal"]
[Date "2019.12.25"]
[Round "7.7"]
[White "Tiwari Shivansh"]
[Black "Nguyen, Van Huy"]
[Result "0-1"]
[WhiteElo "1770"]
[BlackElo "2457"]
[Annotator "TA"]
[PlyCount "60"]
[EventDate "2019.12.21"]
[EventType "swiss"]
[EventCountry "IND"]
[SourceTitle "playchess.com"]
[Source "ChessBase"]
[SourceQuality "1"]

{[%evp 9,62,0,0,-4,3,-4,28,-35,-35,-33,-23,-30,-28,-51,-51,-65,-60,-66,-60,-106,-62,-50,-18,-22,-22,-12,-10,-12,-8,-25,0,-22,-15,-13,0,0,0,0,0,0,0,0,0,0,0,-21,-20,-27,-19,-35,-41,-54,-49,-1014,-597]} 1. d4 Nf6 2. Bf4 g6 3. Nc3 d5 4. e3 c6 5. a3 Bg7 6. Nf3 {A45: Trompowsky Attack} O-O 7. Be2 $146 ({Predecessor:} 7. h3 Nbd7 8. Be2 b6 9. O-O Bb7 10. b4 {0-1 (54) Fedoseev,V (2719)-Kevlishvili,R (2451) St Petersburg 2018}) 7... Bg4 8. h3 (8. Ne5 $11 Bxe2 9. Qxe2) 8... Bxf3 $1 $15 9. Bxf3 Nbd7 10. O-O Re8 11. b4 e5 12. Bh2 exd4 13. exd4 Ne4 14. Qd3 {[%cal Rf3e4]} Nxc3 15. Qxc3 Qb6 16. Rfd1 a5 17. Rab1 axb4 18. axb4 Qb5 19. Bd6 Re6 20. Bg3 h5 21. Bf4 Bf8 (21... Nf6 {seems wilder.} 22. Be5 Ne8 23. Re1 Bxe5 24. dxe5 Ng7) 22. Re1 {Rxe6 is the strong threat.} Rae8 23. Rxe6 Rxe6 24. Qd2 Nb6 25. c3 Nc4 $36 {[%mdl 2048] Black has good play.} 26. Qa2 Bd6 27. Bxd6 Nxd6 28. Qd2 Qa4 29. Re1 Nc4 30. Qc1 Rxe1+ {Played: Qa4-a3} 0-1

[Event "Bhopal GM Open 2019"]
[Site "Bhopal"]
[Date "2019.12.25"]
[Round "7.8"]
[White "Raahul V S"]
[Black "Ziatdinov, Raset"]
[Result "1/2-1/2"]
[WhiteElo "2252"]
[BlackElo "2204"]
[Annotator "TA"]
[PlyCount "116"]
[EventDate "2019.12.21"]
[EventType "swiss"]
[EventCountry "IND"]
[SourceTitle "playchess.com"]
[Source "ChessBase"]
[SourceQuality "1"]

{[%evp 10,116,13,10,0,10,4,12,16,0,0,0,1,0,9,0,19,-4,0,0,0,0,17,-11,-9,-14,22,25,45,10,36,34,35,30,24,31,24,24,43,23,24,33,32,0,15,0,0,0,0,0,19,27,20,0,0,0,0,0,0,0,0,-11,0,0,10,-8,51,-4,0,0,0,0,0,0,0,0,0,0,0,0,258,247,302,0,0,0,0,0,0,0,0,0,0,0,0,0,0,0,0,0,0,0,0,0,0,0,0,0,0]} 1. c4 e5 2. g3 Nf6 3. Bg2 d5 4. cxd5 Nxd5 5. Nc3 Nb6 6. e3 Nc6 {[%cal Bb8c6,Bc6e5,Be5g4][%mdl 32] A22: English Opening: 1...e5 2 Nc3 Nf6} 7. Nge2 Be7 (7... Qd3 8. f4 Bb4 9. fxe5 Nxe5 10. Nf4 Qa6 11. Qc2 O-O 12. d4 Ng4 13. Nd3 Bxc3+ 14. Qxc3 {½-½ (36) Aronian,L (2762)-Nepomniachtchi,I (2773) Moscow 2019}) 8. f4 O-O 9. fxe5 Nxe5 10. d4 Ng4 11. O-O $146 ({Predecessor:} 11. h3 Nf6 12. O-O c6 13. Nf4 Re8 14. b3 {½-½ (23) Ankudinova,E (2151)-Davletbayeva,M (2280) Pavlodar 2013}) 11... c5 12. Nf4 Nf6 13. b3 Re8 14. Bb2 Bg4 15. Qd3 cxd4 16. Qxd4 Qxd4 17. exd4 Rab8 18. Rae1 Kf8 19. Nd3 Red8 20. Rxe7 Kxe7 21. Ba3+ Ke8 22. Re1+ Be6 23. Nb5 {[#] Hoping for Nc7+.} Nbd5 24. Nd6+ Rxd6 $1 25. Bxd6 Rd8 26. Be5 (26. Ba3 {is more complex.} b6 27. Ne5 a5 28. Re2 Rc8 29. Nc4) 26... b6 27. Bh3 Kd7 28. Bxf6 gxf6 29. Bg2 Rc8 30. Bxd5 Bxd5 $11 {[%mdl 4096] Endgame KRB-KRN} 31. Nf4 Bb7 32. Re2 f5 33. d5 Kd6 34. Kf2 a5 35. h4 Ba6 36. Rd2 Rc5 37. Ke3 b5 (37... Bc8 $11) 38. Ne2 ({Better is} 38. Nh5 $1 $14) 38... b4 39. Nd4 Bc8 40. Kf4 Rxd5 41. h5 $1 Kc5 42. Rc2+ Kxd4 43. Rxc8 {KR-KR} Kd3 44. Rc7 h6 $2 {[%mdl 8192] [#]} (44... a4 $1 $11 {and Black stays safe.}) 45. Rc6 $1 $18 ({Not} 45. Rxf7 a4 $16) 45... a4 46. bxa4 $2 ({Only move:} 46. Rxh6 $18 Rd4+ 47. Kxf5) 46... Ra5 $1 $11 {The position is equal.} 47. Rxh6 {Strongly threatening Rd6+.} Rxa4 {Threatens to win with ...b3+.} 48. Kxf5 Rxa2 49. Rb6 Rf2+ 50. Kg5 Kc3 51. h6 b3 $1 52. h7 Rh2 53. Rh6 f6+ $1 54. Kg6 b2 55. h8=Q b1=Q+ 56. Kxf6 Rxh6+ 57. Qxh6 {And now Qe3+ would win.} Qb6+ 58. Kg7 Qc7+ {Accuracy: White = 57%, Black = 64%.} 1/2-1/2

[Event "Bhopal GM Open 2019"]
[Site "Bhopal"]
[Date "2019.12.25"]
[Round "7.9"]
[White "Mahindrakar Indrajeet"]
[Black "Khusenkhojaev, Muhammad"]
[Result "1-0"]
[WhiteElo "2042"]
[BlackElo "2427"]
[Annotator "TA"]
[PlyCount "83"]
[EventDate "2019.12.21"]
[EventType "swiss"]
[EventCountry "IND"]
[SourceTitle "playchess.com"]
[Source "ChessBase"]
[SourceQuality "1"]

{[%evp 10,83,0,-18,-12,-14,23,16,33,8,5,0,90,72,84,36,19,37,95,54,197,189,190,173,187,181,183,177,179,181,181,175,247,185,195,191,195,190,199,151,183,145,159,158,156,153,152,156,230,190,214,152,385,373,366,388,506,500,532,531,506,497,733,631,813,800,823,805,896,555,29987,12839,29989,12842,12842,12843]} 1. e4 e5 2. Nc3 Nf6 3. g3 Bc5 4. Bg2 d6 5. Nge2 Nc6 6. h3 a6 {C26: Vienna Game: 2...Nf6, sidelines} 7. O-O Be6 8. Nd5 (8. d3 Qd7 9. Kh2 h5 10. Bg5 O-O-O 11. Nd5 Bxd5 12. exd5 Ne7 13. d4 Ba7 14. Bxf6 gxf6 {0-1 (40) Bartel,M (2629)-Ragger,M (2655) Warsaw 2012}) 8... Ba7 {The position is equal.} 9. c3 Qd7 $146 ({Predecessor:} 9... O-O 10. Kh2 Nd7 11. d3 f5 12. exf5 Bxf5 13. f4 Be6 14. g4 exf4 15. Nexf4 {1-0 (70) Petrova,O (2176)-Ovod,E (2325) Sochi 2015}) 10. Kh2 $1 Ne7 (10... O-O-O $11 {remains equal.}) 11. Nxf6+ $16 gxf6 12. f4 f5 $1 13. exf5 Bxf5 ({Better is} 13... Bd5 $14) 14. d4 O-O-O (14... exd4 $1 $14 15. Nxd4 O-O-O) 15. g4 $18 ({Not} 15. dxe5 dxe5 16. Qxd7+ Rxd7 $11) 15... exd4 16. gxf5 dxc3 17. bxc3 {[%cal Bb2c3,Bc3d4][%mdl 32]} Nxf5 18. Rb1 c6 19. Nd4 Bxd4 20. cxd4 d5 (20... Rhg8 {keeps fighting.} 21. Rb2 d5) 21. Rf2 Rde8 22. Rfb2 Nd6 23. Qd3 Rhg8 24. Bd2 ({Resist} 24. Qxh7 $6 Qe6 $16) 24... Qc7 25. Re1 Nc4 26. Rxe8+ Rxe8 27. Rb1 Kb8 28. Re1 Rd8 (28... Re7 $16 29. Rxe7 Qxe7) 29. Re2 Ka7 30. Qf5 Qb6 $2 (30... Nxd2 $16 {is a better defense.} 31. Rxd2 Re8) 31. Be1 Nd6 32. Qxh7 Ka8 33. Bh4 Rc8 34. Be7 Qb5 35. Re3 Nc4 (35... Ne4 $142 36. Bxe4 dxe4 37. Qxe4 Re8) 36. Rb3 Qa4 37. Qxf7 Qxa2 {[#]} 38. Qe6 $1 Re8 {[#]} 39. Rxb7 $1 {[%mdl 512]} Ne3 {[%csl Ge3][%cal Ra2g2]} (39... Kxb7 40. Qd7+) 40. Rb2 (40. Ra7+ $142 Kxa7 41. Bc5+ {[%mdl 64] Discovered Attack} Kb8 42. Qxe8+ Kc7 43. Qxe3 Qa5 44. Qe7+ Kc8 45. Bf1) 40... Ng4+ {[#]} 41. hxg4 (41. Kg3 $142 $1 Qa3+ 42. Kxg4 Qxb2 43. Qxc6+ {[%mdl 64] Double Attack} Ka7 44. Bc5+ Kb8 45. Qxe8+ Kc7 46. Qf7+ Kc8 47. Bxd5) 41... Rh8+ {[#]} 42. Kg3 $1 {Accuracy: White = 72%, Black = 32%.} 1-0

[Event "Bhopal GM Open 2019"]
[Site "Bhopal"]
[Date "2019.12.25"]
[Round "7.10"]
[White "Anadkat Kartavya"]
[Black "Abdisalimov, Abdimalik"]
[Result "1-0"]
[WhiteElo "2023"]
[BlackElo "2394"]
[Annotator "TA"]
[PlyCount "91"]
[EventDate "2019.12.21"]
[EventType "swiss"]
[EventCountry "IND"]
[SourceTitle "playchess.com"]
[Source "ChessBase"]
[SourceQuality "1"]

{[%evp 15,91,25,35,6,62,49,182,185,186,183,184,181,216,221,215,225,230,227,218,225,222,114,119,123,131,0,246,243,258,252,237,177,337,323,320,323,331,331,302,310,277,227,229,233,187,212,268,239,260,237,331,327,359,331,321,307,343,328,335,358,395,385,441,437,496,525,485,440,578,393,383,363,641,624,12816,2875,1740,1779]} 1. e4 c5 2. Nf3 d6 3. d4 cxd4 4. Nxd4 Nf6 5. Nc3 a6 6. Bg5 e6 7. f4 h6 8. Bh4 Qb6 9. Qd2 {B96: Sicilian Najdorf: 6 Bg5 e6 7 f4, lines other than 7...Qb6 and 7...Be7} (9. a3 Be7 10. Bf2 Qc7 11. Qf3 Nbd7 12. O-O-O b5 13. g4 Bb7 14. h4 Nc5 15. Bd3 d5 16. e5 Nfe4 17. Be1 {1-0 (45) Wei,Y (2737)-Lu,S (2619) Changsha 2019}) 9... Be7 (9... Qxb2 $11 10. Rb1 Qa3) 10. O-O-O $14 Nxe4 (10... Qc7 $14) 11. Nxe4 $18 {White is clearly better.} Bxh4 12. Nf5 $1 exf5 13. Nxd6+ {[%mdl 64] Double Attack} Ke7 {Threatens to win with ...Be6.} 14. Qe2+ Be6 {White must now prevent ...Bf6.} 15. Nxf5+ $1 {[%mdl 64] Double Attack} Kf8 16. Nxh4 Nc6 {[#]} 17. Ng6+ $146 {[%mdl 576] Double Attack} Kg8 (17... fxg6 18. Qxe6) 18. Nxh8 (18. a3 $18) 18... Nb4 $16 19. Qe5 Rc8 20. Rd2 (20. c4 $1 $16) 20... Nxa2+ $2 {[#]} (20... Rc5 $11 21. Qe4 f5) 21. Kd1 $1 $18 Bg4+ 22. Ke1 {And now h3 would win.} Nb4 23. Be2 Be6 $2 (23... f6 24. Qe7 (24. Bxg4 fxe5 25. Bxc8 e4 $17) 24... Bf5) 24. c3 Nc6 25. Qe4 Kxh8 26. f5 Bb3 {[#]} 27. f6 $1 {aiming for fxg7+.} g6 (27... gxf6 28. Bd3) 28. Rd3 Be6 29. Qe3 Qxe3 30. Rxe3 Nb8 31. h3 Nd7 32. Rf1 h5 33. g4 h4 34. Bd3 Kh7 35. Be4 b5 36. Bb7 Rb8 37. Bc6 ({Not} 37. Bxa6 Nc5 $14) 37... Nb6 38. g5 Nc4 39. Re2 Na5 40. Rxe6 fxe6 {[%mdl 4096] Endgame KRB-KRN} 41. Be4 e5 42. f7 Kg7 43. Rf6 Nc4 $2 (43... Nb3 44. Bxg6 (44. Rxg6+ Kxf7 45. Bf5 a5 $18) 44... Nc5) 44. b3 {White is clearly winning.} Nb6 {[#]} 45. f8=Q+ $1 {[%mdl 512]} Rxf8 46. Rxg6+ {Accuracy: White = 70%, Black = 31%.} 1-0

[Event "Bhopal GM Open 2019"]
[Site "Bhopal"]
[Date "2019.12.25"]
[Round "7.11"]
[White "Eraschenkov, Denis"]
[Black "Shiva Pavan Teja Sharma U"]
[Result "1/2-1/2"]
[WhiteElo "2386"]
[BlackElo "2072"]
[Annotator "TA"]
[PlyCount "77"]
[EventDate "2019.12.21"]
[EventType "swiss"]
[EventCountry "IND"]
[SourceTitle "playchess.com"]
[Source "ChessBase"]
[SourceQuality "1"]

{[%evp 18,77,-6,-8,10,-9,-7,-21,-17,-17,-2,-4,-4,-2,37,31,52,54,76,52,52,52,83,50,53,58,120,25,61,45,49,8,8,-7,0,-1,-6,-5,0,-13,0,0,0,0,4,4,6,6,11,4,34,0,0,0,0,-16,-12,-19,-6,-4,-5,-13]} 1. c4 c6 2. Nf3 d5 3. b3 Bf5 4. Bb2 e6 5. g3 Nd7 6. Bg2 Ngf6 7. O-O Be7 8. d3 h6 9. Nbd2 O-O 10. Rc1 Rc8 {A12: English Opening: 1...c6 with b3 by White} (10... a5 11. a3 Bg6 12. Rc2 b5 13. Nd4 Qb6 14. cxb5 c5 15. Nc6 Bd6 16. a4 Rfe8 17. e4 Qc7 18. Qe2 Bh5 19. Bf3 Bxf3 20. Nxf3 {1-0 (43) Howell,D (2676)-Krishna,C (2421) London 2017}) 11. Rc2 Re8 12. Qa1 Bf8 13. Re1 Bh7 14. Bh3 $146 ({Predecessor:} 14. Rcc1 Qa5 15. Rcd1 Ba3 16. Bc3 Bb4 17. Bxb4 Qxb4 18. a3 {1-0 (50) Tammert,I (2291)-Reiter,B (1847) Germany 2013}) 14... Qa5 15. a3 dxc4 16. Nxc4 Qh5 17. Bg2 Bf5 18. Nh4 Bh7 19. b4 Qb5 20. Rec1 Nd5 21. Nf3 c5 (21... Qa6 $14) 22. Ncd2 (22. a4 $16 Qxb4 23. Nfe5 Nxe5 24. Bxe5) 22... N5b6 23. bxc5 Rxc5 24. Rxc5 Nxc5 25. Ne5 f6 26. Nec4 Nba4 27. Bd4 e5 28. Be3 (28. Bxc5 $5 Nxc5 29. Ne3 $11) 28... b6 29. d4 exd4 $1 30. Qxd4 Ne6 31. Qd5 Qxd5 32. Bxd5 {Hoping for Bc6.} Nac5 $1 33. Na5 Rd8 (33... Kh8 $5 {[%cal Rb6a5]} 34. Nc6 Nc7 $11) 34. Ba2 (34. Rxc5 $5 Bxc5 35. Bxe6+ Kh8 36. Nb7 Bxe3 37. Nxd8 Bxd2 38. Nf7+ Kg8 39. Nxh6+ Kf8 40. Nf5 $14) 34... Kh8 {The position is equal.} 35. Nc6 Rd7 36. f3 Bg8 37. Kf2 Nd8 38. Bxg8 Kxg8 39. Nd4 {Accuracy: White = 42%, Black = 49%.} 1/2-1/2

[Event "Bhopal GM Open 2019"]
[Site "Bhopal"]
[Date "2019.12.25"]
[Round "7.12"]
[White "Czebe, Attila"]
[Black "Sreehith Reddy R"]
[Result "1-0"]
[WhiteElo "2374"]
[BlackElo "1865"]
[Annotator "TA"]
[PlyCount "101"]
[EventDate "2019.12.21"]
[EventType "swiss"]
[EventCountry "IND"]
[SourceTitle "playchess.com"]
[Source "ChessBase"]
[SourceQuality "1"]

{[%evp 11,101,4,39,15,23,18,16,0,0,-24,5,-19,1,-27,4,-35,21,23,77,75,104,93,94,99,94,105,124,88,95,90,93,85,92,85,86,88,93,97,100,87,135,127,124,131,139,131,131,145,136,137,139,137,154,153,179,184,262,256,254,236,217,231,358,353,466,445,558,459,654,601,693,741,739,761,807,806,867,853,1305,1276,1166,1122,2353,1877,2420,2356,2077,1956,29988,29989,29989,29990]} 1. d4 Nf6 2. g3 g6 3. Bg2 Bg7 4. e4 d6 5. Ne2 O-O 6. O-O c6 7. h3 {B06: Modern Defence} (7. c4 e5 8. d5 cxd5 9. cxd5 Na6 10. Nbc3 Bd7 11. a3 Nc7 12. h3 Nb5 13. Be3 Nxc3 14. Nxc3 b5 {1-0 (55) Milov,V (2622)-Mchedlishvili,M (2632) Dubai 2014}) 7... Nbd7 8. a4 e5 9. dxe5 $146 {The position is equal.} ({Predecessor:} 9. Be3 exd4 10. Bxd4 Re8 11. Nbc3 Qa5 12. g4 h5 13. Ng3 hxg4 14. hxg4 Nf8 15. f3 Ne6 16. Be3 d5 17. exd5 Nc7 18. Qd2 cxd5 19. Nxd5 Qxd5 {½-½ (49) Gasic Merino,F (2130)-Lenoir Ibacache,G (2245) Quilpue 2018}) 9... dxe5 10. b3 Re8 11. Ba3 Bf8 12. Bb2 Qc7 13. Nd2 Bg7 (13... b6 $15) 14. Nc4 $36 {[%mdl 2048] Black is under pressure.} Nb6 (14... Rd8 $11) 15. Qd6 $16 Qxd6 16. Nxd6 Re6 17. Rad1 Ne8 18. Nxc8 Rxc8 19. Nc1 Nf6 20. Nd3 Nbd7 21. h4 Ree8 22. Bh3 {aiming for Nxe5!} Rc7 23. f3 h5 24. Bc3 Bf8 25. Kh2 c5 {[#]} 26. Nb2 $1 Nb8 27. Bd2 Nc6 28. Bg5 Nh7 29. Bd7 Rb8 {[#]} 30. Bxc6 $1 {Hoping for Bd5.} Rxc6 31. Be3 Rc7 32. Nc4 f6 33. f4 Bh6 (33... Rg7 $142 34. fxe5 fxe5) 34. f5 $18 ({Don't play} 34. fxe5 $6 Bxe3 35. Nxe3 fxe5 $16) 34... g5 35. Rd5 b6 36. Rfd1 Rg7 (36... Re8 $142 37. a5 bxa5) 37. a5 {[%cal Ba4a5,Ba5a6][%mdl 32]} Re7 38. a6 Rbe8 39. Kg2 Bg7 (39... Nf8 $142 40. hxg5 Bxg5 41. Bxg5 fxg5) 40. Kf2 gxh4 41. gxh4 Nf8 42. Nd6 Rd8 43. Nb5 Rxd5 44. Rxd5 ({Not} 44. exd5 Re8 $18) 44... Kh7 45. Rd8 Rd7 46. Rb8 Re7 47. Ra8 Rd7 48. Ke2 Kg8 49. Rxa7 Rxa7 50. Nxa7 Nd7 51. Nc8 {Accuracy: White = 75%, Black = 41%.} 1-0

[Event "Bhopal GM Open 2019"]
[Site "Bhopal"]
[Date "2019.12.25"]
[Round "7.13"]
[White "Aansh Gupta"]
[Black "Bharat Kumar Reddy Poluri"]
[Result "0-1"]
[WhiteElo "1775"]
[BlackElo "2337"]
[Annotator "TA"]
[PlyCount "44"]
[EventDate "2019.12.21"]
[EventType "swiss"]
[EventCountry "IND"]
[SourceTitle "playchess.com"]
[Source "ChessBase"]
[SourceQuality "1"]

{[%evp 14,156,11,-19,-11,-35,13,-36,-16,-18,-20,-18,-5,-9,-10,-43,-32,-17,0,-17,-15,-20,0,-21,-17,-19,-27,-83,-50,-141,-34,-162,0,0,0,0,0,0,0,0,0,0,453,0,0,0,0,0,0,-16,0,0,0,0,0,0,0,0,0,0,0,0,0,-37,0,0,37,38,197,195,126,125,116,140,122,155,141,118,121,108,92,95,150,134,218,203,210,133,131,132,124,127,133,133,133,131,122,27,40,7,7,9,26,0,0,-4,18,8,20,12,16,0,0,0,0,0,0,0,0,0,0,0,0,0,0,0,0,0,0,-29968,-29969,-29962,-29948,-29970,-1342,-29975,-29976,-29975,-29977,-29978,-29979,-29975,-29975,-29949,-5537]} 1. e4 e6 2. d4 d5 3. exd5 exd5 4. Bd3 c5 5. dxc5 Bxc5 6. Nf3 Nf6 7. O-O O-O 8. Nbd2 Nc6 {C01: French: Exchange Variation} 9. h3 (9. Nb3 Bb6 10. Re1 Bg4 11. h3 Bh5 12. Be3 Re8 13. Bxb6 Qxb6 14. g4 Bg6 15. Bxg6 hxg6 {½-½ (53) Kulaots,K (2556)-Pavlovic,M (2500) Stockholm 2017}) 9... Bb6 10. c3 Re8 {Black is slightly better.} 11. Nb3 Qd6 12. Nbd4 Nxd4 13. Nxd4 $146 ({Predecessor:} 13. cxd4 Ne4 14. Re1 Bf5 {0-1 (46) Amelang,T (2178)-Berger,S (2412) Berlin 2017}) 13... Bc7 {[%csl Gc7][%cal Rd6h2]} 14. f4 (14. Nf3 {is interesting.} Bd7 15. Qb3 Bb6 16. Qb4 Qxb4 17. cxb4 h6 18. Bf4) 14... Ne4 15. Qf3 Qb6 16. Rb1 a6 17. Be3 Qg6 18. f5 Qf6 19. Rbe1 Bd7 20. Nb3 (20. g4 $11 {keeps the balance.}) 20... Ng3 (20... Bb5 {feels hotter.} 21. Bxb5 axb5 22. a3 Ng3 23. Rf2 Qe5) 21. Rf2 (21. Bd4 $15 Qd6 22. Bc5) 21... Qd6 (21... Qe5 $1 $17 22. Nd4 Nh1 $1 {[%mdl 512]}) 22. Rd2 {[#]} ({Better is} 22. Rd1 $1 $15) 22... Re7 {Played: Ng3xf5} 0-1